00511nam a2200121Ia 45000010005000000080041000050820025000461000064000712450188001352600024003239010027003479990015003744410241024s9999 xx 000 0 und d aRD/344.07/R426p/2014 aRepública Dominicana. Senado de la República Dominicana 0aProyecto de Ley, mediante el cual se crea la editora oficial del Ministerio de Educación para la edición, distribución y suministro de libros de textos a precios de producción bSanto Domingoc2014 a7/9/2016 12:15:11 p.m. c9568d9568